|
|
|
|
| LEADER |
00926nam a2200253 a 4500 |
| 001 |
c000383538 |
| 003 |
CARM |
| 005 |
00000000000000.0 |
| 008 |
s1979 ii a b 00010 eng d |
| 019 |
1 |
|
|a 6422803
|5 LACONCORD2021
|
| 020 |
|
|
|a 0852264291
|
| 035 |
|
|
|a (OCoLC)85049073
|5 LACONCORD2021
|
| 040 |
|
|
|a VDU
|c VDU
|
| 082 |
0 |
4 |
|a 574.87328/028
|2 19
|
| 100 |
1 |
|
|a Jayaraman, Kunthala.
|
| 245 |
1 |
0 |
|a Laboratory manual in molecular genetics /
|c Kunthala Jayaraman, R. Jayaraman.
|
| 260 |
|
|
|a New Delhi :
|b Wiley Eastern,
|c 1979.
|
| 300 |
|
|
|a [v], 40 p. :
|b ill. ;
|c 24 cm.
|
| 504 |
|
|
|a Bibliography: p. 40.
|
| 650 |
|
0 |
|a Molecular genetics
|x Laboratory manuals.
|
| 700 |
1 |
|
|a Jayaraman, R.
|
| 852 |
8 |
|
|b CARM
|h A3:AI05E0
|i C12547
|p 0477645
|f BK
|
| 999 |
f |
f |
|i 3a0009dc-0fce-5491-996f-239c87589a59
|s f6865488-f48b-5e59-b96f-a38442d4b788
|
| 952 |
f |
f |
|p Can circulate
|a CAVAL
|b CAVAL
|c CAVAL
|d CARM 1 Store
|e C12547
|f A3:AI05E0
|h Other scheme
|i book
|m 0477645
|